[Event "ODJM B 2016"]
[Site "Willingen GER"]
[Date "2016.05.20"]
[Round "8"]
[White "Strohschneider, Leon"]
[Black "Bakalarz, Adrian"]
[Result "1-0"]
[Termination "normal"]
[Board "54"]
[WhiteElo "996"]
[BlackElo "865"]
[PlyCount "83"]
[WhiteFideId "16211634"]
[BlackFideId "12955809"]
[EventCountry "GER"]
[EventRounds "9"]
[EventType "swiss"]
[EventDate "2016.05.14"]

1. e4 d5 2. exd5 c6 3. dxc6 Nxc6 4. Nf3 e5 5. Nc3 Nf6 6. Bb5 Bd6 7. O-O O-O 8.
d3 a6 9. Bc4 Bf5 10. Bg5 h6 11. Bh4 Rc8 12. Nd5 Be7 13. Nxf6+ Bxf6 14. Bg3 Bg4
15. h3 Bh5 16. Re1 Qe7 17. Qd2 Rfe8 18. Re3 Bxf3 19. Rxf3 Red8 20. Qd1 e4 21.
Re3 Nb4 22. Qe2 Re8 23. Rxe4 Qd7 24. Rxe8+ Rxe8 25. Qd2 Nc6 26. c3 Qd8 27. d4
b5 28. Bb3 b4 29. Ba4 Re6 30. d5 Na7 31. d6 bxc3 32. bxc3 Be7 33. d7 Bf6 34.
Rb1 Re5 35. Bxe5 Bxe5 36. Qe3 Bb8 37. Qe8+ Qxe8 38. dxe8=Q+ Kh7 39. Bc2+ g6 40.
Qxf7+ Kh8 41. Rxb8+ Nc8 42. Rxc8# 1-0

[Event "ODJM B 2016"]
[Site "Willingen GER"]
[Date "2016.05.20"]
[Round "8"]
[White "Meusel, Johannes"]
[Black "Kail, Oliver"]
[Result "1-0"]
[Termination "normal"]
[Board "55"]
[WhiteElo "915"]
[BlackElo "915"]
[PlyCount "49"]
[WhiteFideId "16244893"]
[BlackFideId "16228820"]
[EventCountry "GER"]
[EventRounds "9"]
[EventType "swiss"]
[EventDate "2016.05.14"]

1. e4 e5 2. Nf3 Nc6 3. Bc4 h6 4. d3 Nf6 5. Be3 d5 6. exd5 Nxd5 7. Bxd5 Qxd5 8.
Nc3 Qe6 9. O-O Bb4 10. Bd2 Nd4 11. Nxd4 Qg6 12. Nf3 Bh3 13. Ne1 O-O 14. Qf3 Bg4
15. Qxb7 Bxc3 16. Bxc3 Be2 17. Qxc7 Bxf1 18. Kxf1 Rfe8 19. Bxe5 Rac8 20. Qd6
Re6 21. Qd4 Qf5 22. Qd7 Rce8 23. Bc3 Qh5 24. Nf3 R6e7 25. Qd4 1-0

[Event "ODJM B 2016"]
[Site "Willingen GER"]
[Date "2016.05.20"]
[Round "8"]
[White "Ibrahim, Eva"]
[Black "Ibrahim, Ben"]
[Result "1-0"]
[Termination "normal"]
[Board "56"]
[WhiteElo "973"]
[BlackElo "834"]
[PlyCount "45"]
[WhiteFideId "12993948"]
[BlackFideId "12993921"]
[EventCountry "GER"]
[EventRounds "9"]
[EventType "swiss"]
[EventDate "2016.05.14"]

1. e4 e5 2. Nf3 Nc6 3. Bc4 Bc5 4. d3 h6 5. Be3 Bb6 6. Nc3 Nf6 7. O-O O-O 8. Nh4
Nxe4 9. Qg4 Bxe3 10. fxe3 d5 11. Qh5 Nxc3 12. Bb3 Nb5 13. e4 Be6 14. c4 d4 15.
cxb5 Bxb3 16. axb3 Nb4 17. Rad1 Nc2 18. Rf3 a6 19. Rg3 axb5 20. Qxh6 g6 21.
Nxg6 Qf6 22. Nxf8+ Qg7 23. Qxg7# 1-0